ՀՀ Գիտությունների ազգային ակադեմիայի հիմնարար գիտական գրադարան  =   Fundamental Scientific Library of NAS RA

Женьшень и другие ценные лекарственные растения : (Record no. 285275)

MARC details
000 -LEADER
fixed length control field 00802nam a2200217 u 4500
001 - CONTROL NUMBER
control field 000779489
003 - CONTROL NUMBER IDENTIFIER
control field AM-YeHGA
005 - DATE AND TIME OF LATEST TRANSACTION
control field 20250617144004.0
008 - FIXED-LENGTH DATA ELEMENTS--GENERAL INFORMATION
fixed length control field 101217s1971 ||| r 000 0 rus d
040 ## - CATALOGING SOURCE
Original cataloging agency AM-YeHGA
041 0# - LANGUAGE CODE
Language code of text/sound track or separate title rus
090 ## - LOCALLY ASSIGNED LC-TYPE CALL NUMBER (OCLC); LOCAL CALL NUMBER (RLIN)
-- 286938
100 1# - MAIN ENTRY--PERSONAL NAME
Personal name Шестаков, Андрей Карпович
245 10 - TITLE STATEMENT
Title Женьшень и другие ценные лекарственные растения :
Remainder of title (Опыт выращивания) /
Statement of responsibility, etc. А.К. Шестаков; Под ред. З.И. Гутниковой.
260 ## - PUBLICATION, DISTRIBUTION, ETC.
Place of publication, distribution, etc. Минск :
Name of publisher, distributor, etc. Урожай,
Date of publication, distribution, etc. 1971.
300 ## - PHYSICAL DESCRIPTION
Extent 47 с. :
Other physical details ил.
504 ## - BIBLIOGRAPHY, ETC. NOTE
Bibliography, etc. note Библиогр.: с. 46
653 0# - INDEX TERM--UNCONTROLLED
Uncontrolled term Женьшень
653 0# - INDEX TERM--UNCONTROLLED
Uncontrolled term Лекарственные растения
700 1# - ADDED ENTRY--PERSONAL NAME
Personal name Гутакова, З.И.
Relator term ред.
Relationship edt
Holdings
Withdrawn status Lost status Damaged status Not for loan Collection Home library Current library Date acquired Total checkouts Full call number Barcode Date last seen Price effective from Koha item type Public note
        General Fundamental Scientific Library Fundamental Scientific Library 29/12/2016   PI/28138 FL0177100 29/12/2016 29/12/2016 Գրքեր / Books 30 Days Loan


ՀՀ ԳԱԱ հիմնարար գիտական գրադարան
ՀՀ,Երևան 0019
Մարշալ Բաղրամյան 24/6
հեռախոս:(374-10) 52-47-50
Հետադարձ կապ

All site content, except where otherwise noted, is licensed under a
Creative Commons License